<?xml version="1.0" encoding="UTF-8"?>
<record
    xmlns:xsi="http://www.w3.org/2001/XMLSchema-instance"
    xsi:schemaLocation="http://www.loc.gov/MARC21/slim http://www.loc.gov/standards/marcxml/schema/MARC21slim.xsd"
    xmlns="http://www.loc.gov/MARC21/slim">

  <leader>01344nam0a2200289   4500</leader>
  <controlfield tag="001">RU\NLR\bibl\373732</controlfield>
  <controlfield tag="005">20250622151316.0</controlfield>
  <datafield tag="021" ind1=" " ind2=" ">
    <subfield code="a">RU</subfield>
    <subfield code="b">2003-10720</subfield>
    <subfield code="9">492</subfield>
  </datafield>
  <datafield tag="035" ind1=" " ind2=" ">
    <subfield code="a">(NLR Aleph) 000368233</subfield>
  </datafield>
  <datafield tag="090" ind1=" " ind2=" ">
    <subfield code="a">378970</subfield>
    <subfield code="c">378970</subfield>
  </datafield>
  <datafield tag="100" ind1=" " ind2=" ">
    <subfield code="a">20030305d2002    |||y0rusy50      ca</subfield>
  </datafield>
  <datafield tag="101" ind1="0" ind2=" ">
    <subfield code="a">rus</subfield>
  </datafield>
  <datafield tag="102" ind1=" " ind2=" ">
    <subfield code="a">RU</subfield>
  </datafield>
  <datafield tag="105" ind1=" " ind2=" ">
    <subfield code="a">y   |||||||||</subfield>
  </datafield>
  <datafield tag="200" ind1="1" ind2=" ">
    <subfield code="a">&#x41F;&#x430;&#x43C;&#x44F;&#x442;&#x438; &#x410;&#x43B;&#x44C;&#x431;&#x435;&#x440;&#x442;&#x430; &#x412;&#x430;&#x437;&#x433;&#x435;&#x43D;&#x43E;&#x432;&#x438;&#x447;&#x430; &#x41F;&#x430;&#x43F;&#x430;&#x44F;&#x43D;&#x430;</subfield>
    <subfield code="e">&#x420;&#x435;&#x447;&#x44C; &#x43D;&#x430; &#x437;&#x430;&#x441;&#x435;&#x434;&#x430;&#x43D;&#x438;&#x438; &#x421;&#x43E;&#x44E;&#x437;&#x430; &#x43F;&#x435;&#x434;&#x438;&#x430;&#x442;&#x440;&#x43E;&#x432; &#x421;&#x430;&#x43D;&#x43A;&#x442;-&#x41F;&#x435;&#x442;&#x435;&#x440;&#x431;&#x443;&#x440;&#x433;&#x430; (20 &#x43D;&#x43E;&#x44F;&#x431;. 2002 &#x433;.)</subfield>
    <subfield code="f">&#x41F;&#x440;&#x43E;&#x444;. &#x41D;.&#x414;. &#x421;&#x430;&#x432;&#x435;&#x43D;&#x43A;&#x43E;&#x432;&#x430;</subfield>
    <subfield code="g">&#x413;&#x41E;&#x423; &#x412;&#x41F;&#x41E; &#x421;.-&#x41F;&#x435;&#x442;&#x435;&#x440;&#x431;. &#x433;&#x43E;&#x441;. &#x43F;&#x435;&#x434;. &#x43C;&#x435;&#x434;. &#x430;&#x43A;&#x430;&#x434;. &#x438; &#x434;&#x440;.</subfield>
  </datafield>
  <datafield tag="210" ind1=" " ind2=" ">
    <subfield code="a">&#x421;&#x41F;&#x431;.</subfield>
    <subfield code="c">&#x421;&#x41F;&#x431;&#x413;&#x41F;&#x41C;&#x410;</subfield>
    <subfield code="d">2002</subfield>
  </datafield>
  <datafield tag="215" ind1=" " ind2=" ">
    <subfield code="a">21 &#x441;.</subfield>
    <subfield code="d">21</subfield>
  </datafield>
  <datafield tag="300" ind1=" " ind2=" ">
    <subfield code="a">&#x412; &#x43D;&#x430;&#x434;&#x437;&#x430;&#x433;. &#x442;&#x430;&#x43A;&#x436;&#x435;: &#x421;&#x43E;&#x44E;&#x437; &#x43F;&#x435;&#x434;&#x438;&#x430;&#x442;&#x440;&#x43E;&#x432; &#x421;&#x430;&#x43D;&#x43A;&#x442;-&#x41F;&#x435;&#x442;&#x435;&#x440;&#x431;&#x443;&#x440;&#x433;&#x430;, &#x410;&#x441;&#x441;&#x43E;&#x446;. &#x43F;&#x435;&#x434;&#x438;&#x430;&#x442;&#x440;&#x43E;&#x432;-&#x43D;&#x435;&#x444;&#x440;&#x43E;&#x43B;&#x43E;&#x433;&#x43E;&#x432; &#x421;&#x435;&#x432;&#x435;&#x440;&#x430;-&#x417;&#x430;&#x43F;&#x430;&#x434;&#x430; &#x420;&#x43E;&#x441;&#x441;&#x438;&#x438;</subfield>
  </datafield>
  <datafield tag="600" ind1=" " ind2="1">
    <subfield code="a">&#x41F;&#x430;&#x43F;&#x430;&#x44F;&#x43D;</subfield>
    <subfield code="b">&#x410;.&#x412;.</subfield>
    <subfield code="f">1936 - 2002</subfield>
    <subfield code="g">&#x410;&#x43B;&#x44C;&#x431;&#x435;&#x440;&#x442; &#x412;&#x430;&#x437;&#x433;&#x435;&#x43D;&#x43E;&#x432;&#x438;&#x447;</subfield>
    <subfield code="9">2279174</subfield>
    <subfield code="3">RU\NLR\auth\661365609</subfield>
  </datafield>
  <datafield tag="600" ind1=" " ind2="1">
    <subfield code="a">&#x41F;&#x430;&#x43F;&#x430;&#x44F;&#x43D;</subfield>
    <subfield code="b">&#x410;. &#x412;.</subfield>
    <subfield code="f">1936-2002</subfield>
    <subfield code="g">&#x410;&#x43B;&#x44C;&#x431;&#x435;&#x440;&#x442; &#x412;&#x430;&#x437;&#x433;&#x435;&#x43D;&#x43E;&#x432;&#x438;&#x447;</subfield>
    <subfield code="2">psbo</subfield>
  </datafield>
  <datafield tag="686" ind1=" " ind2=" ">
    <subfield code="a">&#x420;.&#x433;(2)7&#x434; &#x41F;&#x430;&#x43F;&#x430;&#x44F;&#x43D;</subfield>
  </datafield>
  <datafield tag="700" ind1=" " ind2="1">
    <subfield code="a">&#x421;&#x430;&#x432;&#x435;&#x43D;&#x43A;&#x43E;&#x432;&#x430;</subfield>
    <subfield code="b">&#x41D;. &#x414;.</subfield>
    <subfield code="4">070</subfield>
  </datafield>
  <datafield tag="801" ind1=" " ind2="0">
    <subfield code="a">RU</subfield>
    <subfield code="b">NLR</subfield>
    <subfield code="c">20030305</subfield>
    <subfield code="g">PSBO</subfield>
  </datafield>
  <datafield tag="801" ind1=" " ind2="1">
    <subfield code="a">RU</subfield>
    <subfield code="b">NLR</subfield>
    <subfield code="c">20030305</subfield>
  </datafield>
  <datafield tag="942" ind1=" " ind2=" ">
    <subfield code="c">BOOK</subfield>
  </datafield>
  <datafield tag="980" ind1=" " ind2=" ">
    <subfield code="a">NB</subfield>
  </datafield>
  <datafield tag="995" ind1=" " ind2=" ">
    <subfield code="5">2003-03-05</subfield>
    <subfield code="a">ab</subfield>
    <subfield code="b">NLR01</subfield>
    <subfield code="c">NLR01</subfield>
    <subfield code="e">RF3</subfield>
    <subfield code="f">434743</subfield>
    <subfield code="k">2003-4/3763</subfield>
    <subfield code="o">0</subfield>
    <subfield code="r">BOOK</subfield>
    <subfield code="s">200343763_</subfield>
  </datafield>
  <datafield tag="995" ind1=" " ind2=" ">
    <subfield code="5">2003-04-28</subfield>
    <subfield code="a">ad</subfield>
    <subfield code="b">NLR01</subfield>
    <subfield code="c">NLR01</subfield>
    <subfield code="e">RF3</subfield>
    <subfield code="f">474792</subfield>
    <subfield code="k">2003-4/3763</subfield>
    <subfield code="o">0</subfield>
    <subfield code="r">BOOK</subfield>
    <subfield code="s">200343763_</subfield>
  </datafield>
  <datafield tag="995" ind1=" " ind2=" ">
    <subfield code="5">2003-04-28</subfield>
    <subfield code="a">ad</subfield>
    <subfield code="b">NLR01</subfield>
    <subfield code="c">NLR01</subfield>
    <subfield code="e">OBM</subfield>
    <subfield code="f">474793</subfield>
    <subfield code="o">0</subfield>
    <subfield code="r">BOOK</subfield>
  </datafield>
  <datafield tag="995" ind1=" " ind2=" ">
    <subfield code="5">2016-05-06</subfield>
    <subfield code="a">ab</subfield>
    <subfield code="b">NLR01</subfield>
    <subfield code="c">NLR01</subfield>
    <subfield code="e">OBM</subfield>
    <subfield code="f">1-1243066</subfield>
    <subfield code="o">0</subfield>
    <subfield code="p">100.00</subfield>
    <subfield code="r">BOOK</subfield>
  </datafield>
</record>
